000 01046nam a2200265Ia 4500
003 OSt
005 20221005103750.0
006 a|||||r|||| 00| 0
007 ta
008 221004b |||||||| |||| 00| 0 hin d
020 _a9788189982065 (hbk)
_c550
024 _a97408
037 _b410, 23/03/2009, Swaraj Prakashan
_cTextual
040 _aCRL
_cCRL
_bhin
041 _2hin
_ahin
082 _aO1,3xN, 152P8
100 _aतिवारी, सुरेन्द्र, संपा.
245 0 _aनोबेल पुरस्कार विजेताओं की 51 कहानियॉं
246 _aNobel puraskār vijetāoan kī 51 kahāniyaॉan
260 _aदिल्ली
_bआर्य प्रकाशन मंडल भारत
_c2008
300 _a516पृ0
_ccm.
650 _aविश्व कहानी
942 _hO1,3xN, 152P8
_cTEXL
_2cc
999 _c1010843
_d1010843